Йога и психотренинг: путь к физическому совершенству и космическому сознанию

Dades bibliogràfiques
Autor principal: Иванов Ю. М.
Idioma:rus
Publicat: Москва, СП "Лесинвест", 1990
Col·lecció:Библиотека йога и экстрасенса
Matèries:
Format: MixedMaterials Llibre
KOHA link:https://koha.lib.tpu.ru/cgi-bin/koha/opac-detail.pl?biblionumber=155031

MARC

LEADER 00000nam1a2200000 4500
001 155031
005 20231031152155.0
020 |a RU  |b 90-62199 
035 |a (RuTPU)RU\TPU\book\168156 
090 |a 155031 
100 |a 20090310d1990 m a0rusy5003 ca 
101 0 |a rus 
200 1 |a Йога и психотренинг  |e путь к физическому совершенству и космическому сознанию  |f Ю. М. Иванов 
210 |a Москва  |c СП "Лесинвест"  |d 1990 
215 |a 288 с.  |c ил. 
225 1 |a Библиотека йога и экстрасенса 
320 |a Библиогр.: с. 287. 
320 |a Библиогр.: с. 287. 
610 1 |a йога 
610 1 |a аутогенная тренировка 
610 1 |a психологические тренинги 
675 |a 615.8  |v 3 
686 |a Ю96  |2 rubbk 
700 1 |a Иванов  |b Ю. М. 
801 0 |a RU  |b RuMRKP  |c 19950417  |g psbo 
801 1 |a RU  |b 63413507  |c 20090310  |g PSBO 
801 2 |a RU  |b 63413507  |c 20150303  |g PSBO 
942 |c BK